00000000nam 2200000zi 4500
0019.949929
003CaOODSP
00520250423101436
006m     o  d f      
007cr cn|||||||||
008250409t20252025oncabdo ob   f000 0 eng d
020 |a9780660768755
040 |aCaOODSP|beng|erda|cCaOODSP
043 |an-cn-bc
0861 |aFs144-80/2025E-PDF
24500|aHaida Gwaii ʹíináang | iinang Pacific herring rebuilding plan : |ban ecosystem approach.
264 1|a[Ottawa] : |b[Fisheries and Oceans Canada = Pêches et océans Canada], |c[2025]
264 4|c©2025
300 |a1 online resource (202 pages, 2 unnumbered pages) : |billustrations, maps, graphs, photographs
336 |atext|btxt|2rdacontent
337 |acomputer|bc|2rdamedia
338 |aonline resource|bcr|2rdacarrier
500 |aIssued also in French under title: Plan de rétablissement du ʹíináang | iinang (hareng du Pacifique) de Haida Gwaii : une approche écosystémique.
504 |aIncludes bibliographical references (pages 108-119).
520 |a"This plan for Haida Gwaii ʹíináang | iinang herring was co-developed by the Council of the Haida Nation (CHN), Parks Canada Agency (PC) and Fisheries and Oceans Canada (DFO), and provides an overview of Pacific Herring ecosystem attributes in Haida Gwaii and outlines a plan for rebuilding Haida Gwaii ʹíináang | iinang herring. Direction for the plan was provided by the Gwaii Haanas Archipelago Management Board (AMB) and the Haida Gwaii Cooperative Management Group (CMG) established under agreements between the Haida Nation and Canada"--Preface, page 18.
650 0|aPacific herring|zBritish Columbia|zHaida Gwaii.
650 0|aPacific herring populations|zBritish Columbia.
650 0|aPacific herring fisheries|zBritish Columbia|zPacific Coast|xManagement.
7101 |aCanada. |bDepartment of Fisheries and Oceans, |eissuing body.
77508|tPlan de rétablissement du ʹíináang | iinang (hareng du Pacifique) de Haida Gwaii : |w(CaOODSP)9.949938
85640|qPDF|s5.62 MB|uhttps://publications.gc.ca/collections/collection_2025/mpo-dfo/Fs144-80-2025-eng.pdf